| 000 | 00875nam a2200253 i 4500 | ||
|---|---|---|---|
| 001 | C2-0331841 | ||
| 003 | PPAK | ||
| 005 | 20180728132146.0 | ||
| 008 | 150702s2014 my a|||| ||||| | may d | ||
| 020 | _a9789674160470 | ||
| 040 |
_aPPAK _beng _cPPAK _erda |
||
| 082 | 0 | 4 |
_a332.6 _223 |
| 090 | 0 | 0 |
_a332.6 _bQUE _dG |
| 100 | 1 |
_aQuek, Jonathan, _d1985- _eauthor |
|
| 245 | 1 | 0 |
_aRahsia pelaburan emas dan perak : _bbagaimana anda boleh memperoleh daripada logam berharga |
| 250 | _aFirst edition | ||
| 264 | 1 |
_aPetaling Jaya, Selangor : _bTrueWealth Sdn. Bhd. , _c2014 |
|
| 300 |
_axiv, 234 pages : _billustrations, photographs ; _c21 cm |
||
| 336 |
_2rdacontent _atext |
||
| 337 |
_2rdamedia _aunmediated |
||
| 338 |
_2rdacarrier _avolume |
||
| 650 | 1 | 0 | _aForeign exchange futures. ; Silver - Purchasing. ; Metals as an investment. ; Gold - Purchasing. |
| 942 |
_ddc _cB |
||
| 999 |
_c130546 _d130546 |
||